Szczegóły MARC21

Communicative language teaching : an introduction /

003 -Nazwa inst., której nr kontr. jest w polu 001 [,]
    • @
    • Nazwa instytucji, której n kontrolny jest w polu 001
    • NUKAT
005 -DATA I CZAS OSTATNIEJ MODYFIKACJI [,]
    • @
    • pole kontrolne
    • 20241231101208.0
020 -Międzynarod. znormalizowany nr książki - ISBN [ , ]
    • a
    • Numer ISBN
    • 0521281547 Find
040 -Instytucja sporządzająca opis [ , ]
    • a
    • Instytucja, która sporządziła opis (NP)
    • WA U/56BP
    • c
    • Instytucja, która sporządziła rekord (NP)
    • WA U/BPs
    • d
    • Instytucja, która zmodyfikowała rekord (P)
    • WA U/BP
942 -Rodzaj dokumentu [ , ]
    • c
    • Rodzaj dokumentu
    • Książka
100 -Hasło główne - nazwa osobowa [1, ]
    • a
    • Nazwa osobowa (NP)
    • Littlewood, William T.
    • 9
    • KHW
    • 60757
240 -Tytuł ujednolicony [1,0]
    • a
    • Tytuł ujednolicony
    • Communicative language teaching
    • l
    • Język tekstu
    • (ang.)
    • 9
    • KHW
    • 60760
245 -Strefa tytułu i oznaczenia odpowiedzialności [1,0]
    • a
    • Tytuł
    • Communicative language teaching : Find
    • b
    • Ciąg dalszy tytułu (NP)
    • an introduction / Find
    • c
    • Pozostałe elementy strefy tytułu i oznaczenia odpowiedzialności (NP)
    • William Littlewood.
250 -Strefa wydania [ , ]
    • a
    • Oznaczenie wydania (NP)
    • 12th print.
260 -Strefa adresu wydawniczego [ , ]
    • a
    • Miejsce wydania (P)
    • Cambridge [etc.] :
    • b
    • Nazwa wydawcy (P)
    • Cambridge University Press,
    • c
    • Data wydania (P)
    • 1990.
300 -Strefa opisu fizycznego [ , ]
    • a
    • Określenie formy książki i/lub objętość (NP)
    • XII, 108 s. :
    • b
    • Oznaczenie ilustracji (NP)
    • il.;
    • c
    • Format (NP)
    • 23 cm.
336 -Typ zawartości [ , ]
    • a
    • Termin opisujący typ zawartości
    • Tekst
    • b
    • Kod określający zawartość
    • txt
    • 2
    • Źródło (terminu i kodu)
    • rdacontent
337 -Typ mediów [ , ]
    • a
    • Tryb odtwarzania
    • Bez urządzenia pośredniczącego
    • b
    • Kod typu mediów
    • n
    • 2
    • Źródło (terminu i kodu)
    • rdamedia
338 -Typ/rodzaj nośnika [ , ]
    • a
    • Hasło opisujące typ nośnika
    • Wolumin
    • b
    • Kod typu nośnika
    • nc
    • 2
    • Źródło (terminu i kodu)
    • rdacarrier
490 -Strefa serii i książki wielotomowej - forma nie do wyszukiwania [0, ]
    • a
    • Tytuł (P)
    • New Directions in Language Teaching Find
830 -Hasło dodatkowe serii i opisu książki wielotomowej - tytuł ujednolicony/tytuł [ ,0]
    • a
    • Tytuł ujednolicony/tytuł (NP)
    • New Directions in Language Teaching
    • 9
    • KHW
    • 60759
504 -Uwaga dot. bibliogr. załącznikowej [ , ]
    • a
    • Uwaga dot. bibliografii załącznikowej
    • Bibliogr. s. 101-106. Indeks.
080 -Uniwersalna Klasyfikacja Dziesiętna [ , ]
    • 2
    • Identyfikator wydania tablic
    • UDC-P058
    • 9
    • UKD
    • 10701
    • a
    • Symbol klasyfikacji
    • 37.016:811.111
    • b
    • Dopowiedzenie
    • Nauczanie języka angielskiego.
    • 4
    • UKD2
    • 13123
    • x
    • Poddział wspólny
    • (072)
    • c
    • Dopowiedzenie poddz. wspólnego
    • (Materiały do nauczania dla nauczycieli).
    • 4
    • UKD2
    • 7644
    • x
    • Poddział wspólny
    • =111
    • c
    • Dopowiedzenie poddz. wspólnego
    • =Język angielski.
650 -Hasło przedmiotowe [ ,7]
    • a
    • Hasło przedmiotowe
    • Język i mowa
    • x
    • Określnik rzeczowy
    • studia i nauczanie
    • x
    • Określnik rzeczowy
    • podejście komunikatywne.
    • 2
    • Źródło terminu
    • kaba
    • 9
    • KHW
    • 148141
980 -Symbol UKD [ , ]
    • a
    • UKD
    • 37.016:811.111(072)=111
920 -ISBN [ , ]
    • a
    • ISBN
    • 0-521-28154-7 Find
Numer inwentarzowy Uwagi nie widoczne w OPAC Status udost. Lokalizacja Sygnatura
BC.1053R082332996-3BMAng. Metodyka - komunikacja 04
A.1507retrokonwersja1BMANG. Metodyka - komunikacja 02